Normal view
MARC view
Entry Personal Name
001 - CONTROL NUMBER
- control field: 9170
003 - CONTROL NUMBER IDENTIFIER
- control field: BD-RjUL
005 - DATE AND TIME OF LATEST TRANSACTION
- control field: 20230924160511.0
008 - FIXED-LENGTH DATA ELEMENTS
- fixed length control field: 230924|| aca||aabn | a|a d
040 ## - CATALOGING SOURCE
- Original cataloging agency: BD-RjUL
- Transcribing agency: BD-RjUL
100 ## - HEADING--PERSONAL NAME
- Personal name: Āzurdah, Ṣadruddīn,
- Dates associated with a name: 1789-1868
670 ## - SOURCE DATA FOUND
- Source citation: Work cat.: (BD-RjUL)81981: Parwaz Islahi, Abdur Rahman. 9169, Mufti Ṣadruddīn Āzurdah., 1977.